000
00230nam a2200097Ia 4500
001
812281
005
20250826171556.0
008
250824s9999 xx 000 0 und d
245
0
_a
SAKAR BORA
_c
ÇAĞRI CEBECİ
260
_b
GENÇ HAYAT
999
_c
812281
_d
812281